000 00398nam a2200157 i 4500
001 bg
100 1 _aBRACHACKA, Teresa
245 0 _aPsychologia dla organizatorów przemysłu /
_cTeresa Brachacka.
250 _aWyd.2.
260 _aGliwice,
_c1979.
040 _cBPK
041 _apol
080 _a658.1/.5::66/69:331:159.9](075.8)
942 _cKS
008 s pl f |000 0 pol
999 _c1469
_d1469
856 _uhttp://koha.tu.koszalin.pl/cgi-bin/koha/opac-detail.pl?biblionumber=1469
_yKatalog online BPK